|
|
|
|
| LEADER |
00655nab a2200157 i 4500 |
| 001 |
misc15348 |
| 005 |
20191106142339.0 |
| 008 |
170607s1933 hu o 0|| hun d |
| 040 |
|
|
|a SZTE Miscellanea Repozitórium
|b hun
|
| 041 |
|
|
|a hun
|
| 245 |
0 |
0 |
|a Adó- és illetékügyi előjegyzési naptár, kapcsolatban az adók és illetékek kézikönyvével
|h [elektronikus dokumentum] :
|b [könyvismertetés]
|
| 260 |
|
|
|c 1933
|
| 300 |
|
|
|a 32c
|
| 490 |
0 |
|
|a Polgári jog : a hazai és külföldi magánjog és hiteljog szemléje
|v 9
|
| 695 |
|
|
|a Jogirodalom magyar könyvismertetés
|
| 856 |
4 |
0 |
|u http://misc.bibl.u-szeged.hu/15348/1/polgari_jog_1933_032c.pdf
|z Dokumentum-elérés
|